书目信息 |
| 题名: |
建筑施工技术实训指导
|
|
| 作者: | 尹海文 主编 | |
| 分册: | ||
| 出版信息: | 北京 北京理工大学出版社 2009.06 |
|
| 页数: | 207页 | |
| 开本: | 23cm | |
| 丛书名: | ||
| 单 册: | ||
| 中图分类: | TU74 | |
| 科图分类: | ||
| 主题词: | 建筑工程--jian zhu gong cheng--工程施工--施工技术--高等学校--教学参考资料 | |
| 电子资源: | ||
| ISBN: | 978-7-5640-2410-9 | |
| 000 | 00905nam0 2200253 450 | |
| 001 | 012009522000 | |
| 005 | 20091124084728.70 | |
| 010 | @a978-7-5640-2410-9@dCNY23.00 | |
| 100 | @a20091124d2009 em y0chiy0120 ea | |
| 101 | 0 | @achi |
| 102 | @aCN@b110000 | |
| 105 | @aak a 000yy | |
| 106 | @ar | |
| 200 | 1 | @a建筑施工技术实训指导@Ajian zhu shi gong ji shu shi xun zhi dao@f尹海文主编@Fyin hai wen zhu bian |
| 210 | @a北京@c北京理工大学出版社@d2009.06 | |
| 215 | @a207页@c图@d23cm | |
| 300 | @a21世纪高职高专规划教材·土建类 | |
| 320 | @a有书目 (第207页) | |
| 330 | @a本书主要内容:建筑工程实训概述,土方工程及地基处理,模板工程,钢筋工程,混凝土工程,防水工程,钢结构工程等。 | |
| 606 | 0 | @a建筑工程@Ajian zhu gong cheng@x工程施工@x施工技术@x高等学校@j教学参考资料 |
| 690 | @aTU74@v4 | |
| 701 | 0 | @a尹海文@Ayin hai wen@4主编 |
| 801 | 0 | @aCN@bQSSK@c20091124 |
| 905 | @b765239-41@dTU74@eY598@f3 | |
| 建筑施工技术实训指导/尹海文主编.-北京:北京理工大学出版社,2009.06 |
| 207页:图;23cm |
| 21世纪高职高专规划教材·土建类 |
| ISBN 978-7-5640-2410-9:CNY23.00 |
| 本书主要内容:建筑工程实训概述,土方工程及地基处理,模板工程,钢筋工程,混凝土工程,防水工程,钢结构工程等。 |
| ● |
| 相关链接 |
|
|
|
正题名:建筑施工技术实训指导
索取号:TU74/Y598
 
预约/预借
| 序号 | 登录号 | 条形码 | 馆藏地/架位号 | 状态 | 备注 |
| 1 | 765239 | 207652397 | 建筑库201/201建筑库 108排2列6层/ [索取号:TU74/Y598] | 在馆 | |
| 2 | 765240 | 207652404 | 建筑库201/201建筑库 108排2列6层/ [索取号:TU74/Y598] | 在馆 | |
| 3 | 765241 | 207652413 | 建筑库201/201建筑库 108排2列6层/ [索取号:TU74/Y598] | 在馆 |